000
00279nam a2200121Ia 4500
008
190216s9999||||xx |||||||||||||| ||und||
100
_a
Meade J E
245
0
_a
Growing Economy
260
_b
George Allel And Unwin Ltd
_c
1968
300
_a
512p
650
_a
Economics
942
_c
BK
999
_c
9344
_d
9344